| 000 | 00371nam a2200133Ia 4500 | ||
|---|---|---|---|
| 008 | 150202s9999 xx 000 0 und d | ||
| 020 | _a671041649 | ||
| 050 |
_aFIC _bFIC |
||
| 100 | _aGoldsborough, F. | ||
| 245 |
_aCharmed : _bthe crimson spell / _cF. Goldsborough. |
||
| 260 |
_aNew York : _bPocket Books, _c2000. |
||
| 300 |
_a181 pages : _c18 cm. |
||
| 650 | _aFiction. | ||
| 999 |
_c282046 _d282046 |
||